000 00501nmm a2200169Ia 4500
008 251105s9999||||xx |||||||||||||||||und||
020 _a9788427724457
041 _aspa
100 _aGonzález Rodríguez, Mª Encarnación
245 0 _aAntonia López Arista: una institución que nace
264 _a[Madrid, España] :
_bNarcea Ediciones,
_c2018
300 _a296 páginas
490 _aMujeres
650 _aBiography
856 _uhttps://public.digitaliapublishing.com/a/58612
942 _cCF
999 _c80846
_d80846